Rural economy fighting climate change (Record no. 67724)
[ view plain ]
| 000 -LEADER | |
|---|---|
| fixed length control field | 00940cam a2200241 4500 |
| 001 - CONTROL NUMBER | |
| control field | WB3727-34 |
| 008 - FIXED-LENGTH DATA ELEMENTS--GENERAL INFORMATION | |
| fixed length control field | 010712n2001 000 0 eng u |
| 035 ## - SYSTEM CONTROL NUMBER | |
| System control number | (Sirsi) u113651 |
| 245 ## - TITLE STATEMENT | |
| Title | Rural economy fighting climate change |
| 260 ## - PUBLICATION, DISTRIBUTION, ETC. | |
| Date of publication, distribution, etc. | 2001 |
| 490 ## - SERIES STATEMENT | |
| Series statement | CLA Press Release |
| Volume/sequential designation | (01075HQ) 12 July 2001, (2) |
| 520 ## - SUMMARY, ETC. | |
| Summary, etc. | The Country Land and Business Association (CLA) is to publish a report showing how agriculture and the rural economy can contribute to combating global warming. The CLA calls on government and the EU to draw up a policy to encourage farmers to reduce emissions of harmful gases. See: http://www.cla.org.uk/climatechange |
| 590 ## - LOCAL NOTE (RLIN) | |
| Local note | WB |
| 650 ## - SUBJECT ADDED ENTRY--TOPICAL TERM | |
| Topical term or geographic name entry element | CLIMATE CHANGE |
| 650 ## - SUBJECT ADDED ENTRY--TOPICAL TERM | |
| Topical term or geographic name entry element | GLOBAL WARMING |
| 650 ## - SUBJECT ADDED ENTRY--TOPICAL TERM | |
| Topical term or geographic name entry element | COUNTRY LAND AND BUSINESS ASSOCIATION |
| 650 ## - SUBJECT ADDED ENTRY--TOPICAL TERM | |
| Topical term or geographic name entry element | EMISSIONS |
| 650 ## - SUBJECT ADDED ENTRY--TOPICAL TERM | |
| Topical term or geographic name entry element | FARMING |
| 650 ## - SUBJECT ADDED ENTRY--TOPICAL TERM | |
| Topical term or geographic name entry element | RURAL ECONOMY |
| 650 ## - SUBJECT ADDED ENTRY--TOPICAL TERM | |
| Topical term or geographic name entry element | ENVIRONMENTAL PROTECTION |
| 690 ## - LOCAL SUBJECT ADDED ENTRY--TOPICAL TERM (OCLC, RLIN) | |
| Topical term or geographic name as entry element | Rural |
| 9 (RLIN) | 6268 |
| 942 ## - ADDED ENTRY ELEMENTS (KOHA) | |
| Suppress in OPAC | 0 |
| Withdrawn status | Lost status | Source of classification or shelving scheme | Damaged status | Not for loan | Home library | Current library | Shelving location | Date acquired | Total Checkouts | Full call number | Barcode | Date last seen | Copy number | Price effective from | Koha item type |
|---|---|---|---|---|---|---|---|---|---|---|---|---|---|---|---|
| Dewey Decimal Classification | London | London | News article | 12/07/2001 | WB3727-34 | 113651-1001 | 06/08/2019 | 1 | 06/08/2019 | News article |